00525nam a22001937a 450000500170000001000110001702000220002803500110005003700160006104000120007708200110008910000160010024500390011626000390015527000570019430000210025165000230027265000360029520170124110123.0 a815115 c00.00a0340206942 a815115 bCen Lib/Ret aDPLbEN aNbSET aSeton, Anya aSmouldering fires /cby Anya Seton aLondonbHodder and Stoughtonc1975 bLondonaChildrens's Books, Salisbury Road, Leicester a186p. c21cm(Hb) aFiction in English aFiction in English, 1900- Texts